[Event "Trnava Reti Memorial IM"]
[Site "Trnava"]
[Date "2022.08.10"]
[Round "1"]
[White "Svana, Peter"]
[Black "Leszko, Bence"]
[Result "1/2-1/2"]
[WhiteElo "2255"]
[BlackElo "2244"]
[PlyCount "138"]
[EventDate "2022.08.10"]
[EventType "tourn"]
[EventRounds "9"]
[EventCountry "SVK"]
[EventCategory "1"]
[SourceTitle "CBM 209 Extra"]
[Source "ChessBase"]
[SourceDate "2022.09.30"]
[SourceVersion "1"]
[SourceVersionDate "2022.09.30"]
[SourceQuality "1"]

1. d4 d5 2. Nf3 e6 3. c4 Nf6 4. Nc3 c5 5. e3 Nc6 6. a3 Be7 7. Be2 a6 8. dxc5 Bxc5 9. b4 Ba7 10. Bb2 0-0 11. 0-0 dxc4 12. Bxc4 b5 13. Bd3 Bb7 14. Rc1 Ne7 15. a4 bxa4 16. Nxa4 Ng6 17. Nc5 Bxf3 18. gxf3 Nd5 19. Be4 Bb8 20. f4 Qh4 21. Qd4 Qh6 22. Bxd5 exd5 23. f3 Nxf4 24. Rc2 Ng6 25. f4 Rd8 26. Kh1 Ne7 27. Rg2 Ng6 28. Rg5 Bc7 29. Rxd5 Ne7 30. Rxd8+ Rxd8 31. Qe4 Rd2 32. Rf2 Qh3 33. Rg2 Rd1+ 34. Rg1 Rd2 35. Rxg7+ Kf8 36. Rg2 Rxb2 37. Qa8+ Nc8 38. Ne6+ Ke7 39. Nxc7 Rb1+ 40. Rg1 Rxg1+ 41. Kxg1 Qxe3+ 42. Kg2 Qd2+ 43. Kg3 Qc3+ 44. Kg4 Qxc7 45. Qxa6 Nd6 46. Qe2+ Kd8 47. Qe5 Qc6 48. Qa5+ Ke8 49. Qe5+ Kd7 50. Qe2 f5+ 51. Kh5 Ne4 52. Qd1+ Ke8 53. Qg1 Kf8 54. h4 Qa6 55. b5 Qxb5 56. Qg7+ Ke8 57. Qh8+ Kd7 58. Qxh7+ Kc6 59. Qg6+ Nd6 60. Qg2+ Kc5 61. Qf2+ Kd5 62. Qg2+ Ne4 63. Qg8+ Kd4 64. Qg1+ Kd5 65. Qg8+ Kc5 66. Qg1+ Kc6 67. Qg6+ Nd6 68. Qg2+ Ne4 69. Qg6+ Kd7 1/2-1/2

[Event "Budapest Vezerkepzo Summer IM"]
[Site "Budapest"]
[Date "2022.08.03"]
[Round "7"]
[White "Urhegyi, Marton"]
[Black "Leszko, Bence"]
[Result "1/2-1/2"]
[WhiteElo "2229"]
[BlackElo "2241"]
[PlyCount "21"]
[EventDate "2022.07.28"]
[EventType "tourn"]
[EventRounds "9"]
[EventCountry "HUN"]
[SourceTitle "CBM 209 Extra"]
[Source "ChessBase"]
[SourceDate "2022.09.30"]
[SourceVersion "1"]
[SourceVersionDate "2022.09.30"]
[SourceQuality "1"]

1. e4 e6 2. d4 d5 3. exd5 exd5 4. Bd3 Bd6 5. Nf3 Nf6 6. 0-0 0-0 7. Bg5 Bg4 8. Nbd2 Nbd7 9. c3 c6 10. Re1 Qc7 11. Qc2 1/2-1/2